Geografía médica Y nosologica del departamento de Caldas (Registro nro. 300638)

Detalles MARC
000 -ENCABEZADO
Número de control [NR] 01475nam a22002657a 4500
005 - FECHA Y HORA DE LA ÚLTIMA TRANSACCIÓN
control field 20150821133432.0
008 - DE LONGITUD FIJA DE DATOS DE ELEMENTOS - INFORMACIÓN GENERAL
Elementos de longitud fija [NR] 150729s1916 ck ||||| |||| 00| 0 spa d
040 ## - FUENTE DE CATALOGACION [NR]
Quien Cataloga Sandra Yazo
Quien Clasifica Sandra Yazo
041 0# - CODIGO DE IDIOMA [R]
Código de idioma para texto/pista de sonido o título separado [R] Español
082 04 - NUMERO DE CLASIFICACION DECIMAL DEWEY [R]
Número de la edición [NR] 20
Número de clasificación [R] 910.13309861
092 ## - SIGNATURA TOPOGRAFICA LOCAL
Número de clasificación local E36N061
100 1# - ASIENTO PRINCIPAL--NOMBRE PERSONAL [NR]
Nombre personal [NR] Robledo, Emilio
Fechas asociadas con el nombre [NR] 1875-1961
ID Autoridad 70434
245 10 - MENCION DE TITULO [NR]
Título [NR] Geografía médica Y nosologica del departamento de Caldas
Parte restante del título [NR] Precedida de una noticia historica sobre el descubrimietno y conquista del mismo
Mención de responsabilidad, etc. [NR] Dr. Emilio Robledo
260 ## - PUBLICACION, DISTRIBUCION, ETC. (PIE DE IMPRENTA) [R]
Lugar de publicación, distribución, etc. [R] Manizales (Colombia)
Nombre del editor, distribuidor, etc. [R] Imprenta Departamental
Fecha de publicación, distribución, etc. [R] 1916
300 ## - DESCRIPCION FISICA [R]
Extensión [R] xxi, 308 páginas
Dimensiones [R] 21 x 15 cm
500 ## - NOTA GENERAL [R]
Nota general [NR] Detalles físicos: Encuadernación flexible. Tapas con rotura y perdida parcial. Ejemplar en regular estado de conservación. Mapa al inicio de la obra. Portada impresa en una sola tinta.Texto en una columna. Notas al pie de página. Ilustraciones entre el texto
504 ## - NOTA DE BIBLIOGRAFIA, ETC. [R]
Nota de bibliografía, etc. [NR] Incluye referencias bibliográficas
505 2# - NOTA DE CONTENIDO CON FORMATO PREESTABLECIDO [R]
Nota de contenido con formato preestablecido [NR] Compendio histórico del descubrimiento y conquista del territorio del actual departamento de Caldas, en la Republica a de Colombia ; Geografía médica del Departamento de Caldas ; Altimetría del Departamento de Caldas
506 ## - NOTA DE RESTRICCIONES DE ACCESO [R]
Condiciones de acceso [NR] Consulta en sala
650 #7 - ASIENTO SECUNDARIO DE MATERIA - TERMINO TEMATICO [R]
9 (RLIN) 16353
Término temático o nombre geográfico como elemento de entrada [NR] Geografía médica
Subdivisión geográfica [R] Caldas (Colombia)
650 #7 - ASIENTO SECUNDARIO DE MATERIA - TERMINO TEMATICO [R]
9 (RLIN) 20448
Término temático o nombre geográfico como elemento de entrada [NR] Nosología
Subdivisión geográfica [R] Caldas (Colombia)
651 04 - ASIENTO SECUNDARIO DE MATERIA - NOMBRE GEOGRAFICO [R]
Nombre geográfico [NR] Caldas (Colombia)
Subdivisión general [R] Historia
9 (RLIN) 70435
690 ## - ASUNTO AGREGADO LOCAL DE ENTRADA - TÉRMINO TEMÁTICO (OCLC, RLIN)
9 (RLIN) 42830
Acceso temático local Geografía de Colombia
942 ## - ELEMENTOS DE ENTRADA AGREGADOS (KOHA)
Sistema de clasificación LOCAL
Tema principal E36N059
Tipo de ítem principal el descrito en 300a Libro
Edición 1
Clasificación E36N061
Existencias
Suprimido Perdido Sistema de clasificación Dañado No prestable Tipo de ítem específico Ubicación habitual Ubicación actual Localización Fecha de creación Forma de adquisición Costo Total préstamos Signatura topográfica Código de barras Última vez visto Ejemplar Price effective from Tipo de ítem
    LOCAL     Libro archivo Archivo Histórico Archivo Histórico Archivo histórico 29/07/2015 Donación 0.00   E36N061 L005017 29/07/2015 Ej.1 29/07/2015 Libro